Sipurah shel Ramat-Gan / (Record no. 33969)

MARC details
000 -LEADER
fixed length control field 00746cam a22002411 4500
001 - CONTROL NUMBER
control field he 68003734
003 - CONTROL NUMBER IDENTIFIER
control field DLC
005 - DATE AND TIME OF LATEST TRANSACTION
control field 20260227111506.0
008 - FIXED-LENGTH DATA ELEMENTS--GENERAL INFORMATION
fixed length control field 840307s1967 is abc 000 0 heb
010 ## - LIBRARY OF CONGRESS CONTROL NUMBER
LC control number he 68003734
035 ## - SYSTEM CONTROL NUMBER
System control number (OCoLC)19161893
040 ## - CATALOGING SOURCE
Original cataloging agency DLC
Transcribing agency MH
Modifying agency CU
-- DLC
042 ## - AUTHENTICATION CODE
Authentication code premarc
043 ## - GEOGRAPHIC AREA CODE
Geographic area code a-is---
050 00 - LIBRARY OF CONGRESS CALL NUMBER
Classification number DS110.R325
Item number H5
100 1# - MAIN ENTRY--PERSONAL NAME
Personal name Hirschfeld, Sh.,
Dates associated with a name 1921-
245 10 - TITLE STATEMENT
Title Sipurah shel Ramat-Gan /
Statement of responsibility, etc. me-et Sh. Hirshfeld [u-]M. Harpaz.
260 ## - PUBLICATION, DISTRIBUTION, ETC.
Place of publication, distribution, etc. [Ramat-Gan] :
Name of publisher, distributor, etc. ha-Maḥlaḳah le-ḥinukh ule-noʻar shel ʻiriyat Ramat-Gan,
Date of publication, distribution, etc. [1967]
300 ## - PHYSICAL DESCRIPTION
Extent 145 p. :
Other physical details ill., map, ports. ;
Dimensions 19 cm.
651 #0 - SUBJECT ADDED ENTRY--GEOGRAPHIC NAME
Geographic name Ramat-Gan (Israel)
Form subdivision Juvenile literature.
700 1# - ADDED ENTRY--PERSONAL NAME
Personal name Harpaz, Mani.
752 ## - ADDED ENTRY--HIERARCHICAL PLACE NAME
Country or larger entity Israel
City Ramat Gan

No items available.

Powered by Koha